000 01537nam a2200349 a 4500
003 EG-GiCUC
005 20250223025519.0
008 090207s2008 ua h f m 000 0 eng d
040 _aEG-GiCUC
_beng
_cEG-GiCUC
041 0 _aeng
049 _aDeposite
097 _aM.Sc
099 _aCai01.11.10.M.Sc.2008.Mo.P
100 0 _aMohamed Ahmed Mousa Oraby
245 1 0 _aPenile measurements in adult Egyptians /
_cMohamed Ahmed Mousa Oraby ; Supervised Hussein Mohamed Hafez Ghanem , Ihab Ismail Amin Kamel , Amr Mohamed Gadalla
246 1 5 _aقياسات القضيب في المصريين البالغين
260 _aCairo :
_bMohamed Ahmed Mousa Oraby ,
_c2008
300 _a90 P. :
_bfacsimiles ;
_c25cm
502 _aThesis (M.Sc.) - Cairo University - Faculty of Medicine - Department of Dermatology and Venerology
520 _aTo determine the penile size in adult Egyptians and to clarify the relationship between fully stretched penile measurements in normal subjects and erectile dysfunction patients. This study included 1027 adult Egyptians presenting to Kasr Elaini outpatient clinic
530 _aIssued also as CD
653 4 _aFully stretched lengh and girth
653 4 _aMeasurement
653 4 _aPenis
700 0 _aAmr Mohamed Gadalla ,
_eSupervisor
700 0 _aHussein Mohamed Hafez Ghanem ,
_eSupervisor
700 0 _aIhab Ismail Amin Kamel ,
_eSupervisor
856 _uhttp://172.23.153.220/th.pdf
905 _aMustafa
_eRevisor
905 _aSamia
_eCataloger
942 _2ddc
_cTH
999 _c14637
_d14637